00205nam a2200097Ia 4500008004100000041000800041082001200049100001100061245002600072260000900098240625s9999 xx 000 0 und d aeng a423 OXF aOXFORD aBUSINESS ENGLISH PLUS c2005